000 00321nam a2200133Ia 4500
008 140626s9999 xx 000 0 und d
100 _aWoodward, Nancy
245 _aSeeking Transparancy /
_cNancy Woodward.
260 _cc2012.
300 _a57 : 9, page 39
440 _aHR Magazine
521 _aBSBA
942 _cSE
999 _c121477
_d121477